Tilastot visalle Afrikan 10 pinta-alaltaan suurinta valtiota

Klikkaa tästä pelataksesi tätä visaa!

Yleistilastot

  • Tätä visaa on pelattu 2 203 kertaa
  • Keskiarvotulos 8 / 10

Vastaustilastot

km2Valtio% Oikein
2 344 858Kongon dem. tasavalta
95%
2 381 741Algeria
92%
1 221 037Etelä-Afrikka
90%
1 759 540Libya
85%
1 267 000Niger
85%
1 886 068Sudan
83%
1 284 000Tšad
76%
1 240 192Mali
75%
1 104 300Etiopia
74%
1 246 700Angola
71%

Tulosjakauma

Persentiili vastausten määrän mukaan

Jokaisen tuloksen saaneiden osuus

Tuloshistoriasi

Et ole pelannut tätä visaa